Ciencias sociales : (Record no. 8070)

MARC details
000 -CABECERA
campo de control de longitud fija 00789nam a2200217 a 4500
005 - FECHA Y HORA DE LA ÚLTIMA TRANSACCIÓN
campo de control 20240920064012.0
008 - ELEMENTOS DE LONGITUD FIJA--INFORMACIÓN GENERAL
campo de control de longitud fija 991125s1979 mx 000 0 spa u
020 ## - NÚMERO INTERNACIONAL NORMALIZADO PARA LIBROS
Número Internacional Estándar del Libro 9688040711
035 ## - NÚMERO DE CONTROL DEL SISTEMA
Número de control de sistema UPN01000008070
049 ## - COLECCIÓN
Colección LTG
050 #4 - SIGNATURA TOPOGRÁFICA DE LA BIBLIOTECA DEL CONGRESO
Número de clasificación LC5255 M616
Número de documento/Ítem C5 1979 LE
245 00 - MENCIÓN DE TÍTULO
Título Ciencias sociales :
Resto del título tercera parte : primaria intensiva para adultos
-- primaria intensiva para adultos /
Mención de responsabilidad, etc. Luis G. Benavides Ilizaliturri... [et al.]
260 ## - PUBLICACIÓN, DISTRIBUCIÓN, ETC.
Lugar de publicación, distribución, etc. México :
Nombre del editor, distribuidor, etc. CEMPAE,
Fecha de publicación, distribución, etc. 1979
300 ## - DESCRIPCIÓN FÍSICA
Extensión 317 p. :
Otras características físicas il. col.
500 ## - NOTA GENERAL
Nota general Libro de texto gratuito
650 #4 - ASIENTO SECUNDARIO DE MATERIA - TERMINO TEMATICO
Término de materia o nombre geográfico como elemento de entrada Educación de adultos
Subdivisión geográfica México
9 (RLIN) 5673
700 1# - ASIENTO SECUNDARIO--NOMBRE DE PERSONAL
Nombre de persona Benavides Ilizaliturri, Luis Gonzaga,
Término indicativo de función/relación coaut.
9 (RLIN) 34533
710 2# - ASIENTO SECUNDARIO - NOMBRE CORPORATIVO
Nombre de entidad corporativa o nombre de jurisdicción como elemento de entrada Comisión Nacional de los Libros de Texto Gratuitos (México)
9 (RLIN) 28140
904 ## - ELEMENTOS DE DATOS D LOCAL, LDD (RLIN)
a AC
b 008070
905 ## - TIPO DE MATERIAL
Tipo de material Libro
Holdings
Estado de retiro Estado de pérdida Fuente del sistema de clasificación o colocación Estado dañado No para préstamo Código de colección Localización permanente Ubicación/localización actual Ubicación en estantería Fecha de adquisición Enumeración/cronología de publicación seriada Clasificación Código de barras Fecha visto por última vez Número de copia Tipo de ítem Koha Total de préstamos Precio válido a partir de
    Library of Congress Classification   Disponible (Préstamo en sala) Libros de texto gratuitos Bib. Gregorio Torres Quintero Bib. Gregorio Torres Quintero Colecciones especiales Planta alta 03/05/2023 - LC5255 M616 C5 1979 30490 31/12/2020 1 Libro    
    Library of Congress Classification   Disponible (Préstamo en sala) Libros de texto gratuitos Bib. Gregorio Torres Quintero Bib. Gregorio Torres Quintero Colecciones especiales Planta alta 17/08/2023   LC5255 M616 C5 1979 LE 212843 17/08/2023 Ej. 2 Libro   17/08/2023